Algoritmo de Cholesky /

Guardado en:
Autor Principal: San Martin, Francisco José.
Formato: Libro
Idioma:Portuguese
Publicado: Pôrto Alegre : Instituto de Matemática, Universidade do Rio Grande do Sul, 1960.
Etiquetas: Agregar Etiqueta
Sin Etiquetas, Sea el primero en etiquetar este registro!
LEADER 00512nam a22001455a 4500
001 MAT.inmabb000810
008 031119s1960####bl############001#0#por#d
005 20170804125934.0
245 1 0 |a Algoritmo de Cholesky /  |c Francisco José San Martin. 
260 |a Pôrto Alegre :  |b Instituto de Matemática, Universidade do Rio Grande do Sul,  |c 1960. 
300 |a 28 p. 
100 1 |a San Martin, Francisco José. 
084 |a 65-XX  |2 msc2000 
859 |h 65  |i Sa196  |p A-624  |b BIB. MATEMATICA 
859 |h 65  |i Sa196  |p A-867  |t Ej. 2  |b BIB. MATEMATICA